zpět

Detail výsledku týmu

Hostinec A. Basaře, Horoušany

Datum a čas kvízu

24 Celkem bodů Celkový počet nahraných bodů na tomto kvízu bez doplňovacích otázek.
3. Pořadí na kvízu Konečné umístění týmu na tomto kvízu.

Zaznamenané odpovědi

# Otázka Odpověď Body Výsledky
1. Minulý týden byly vyhlášeny vý... Pavel Pafko 0
2. V sousedním Rakousku před něko... Sebastian Kurz 0
3. Minulý týden vstoupil do český... Joaquin Phoenix 0
4. Ve čtvrtek byla v Praze otevře... Tesla 1
5. V pražské O2 areně v pátek zač... Philadelphia Flyers, Chicago Blackhawks 0
6. Napíšete-li název afghánské le... Bagrám 0
7. Jak se jmenuje současný náčeln... Aleš Opata 0
8. Jak se nazývá město, u něhož s... Čáslav 1
9. Jednou z prvních zahraničních... Kosovo 1
10. Napište název tohoto víceúčelo... Pandur 1